000 00681nam a22002297a 4500
003 UA-OsUOA
001 45703
007 ta
008 20111028b un ||||| |||| 00| 0 ukr d
090 _a94(477).02
_bД76
942 _cBK
040 _aUA-OsUOA
_bukr
_cUA-OsUOA
_dUA-OsUOA
245 _aДрувнерусские княжества Х-ХІІІ вв.
300 _a301 с.
955 _a4
041 _aukr
080 _a94(477).02
260 _aМ.
_bНаука
_c1975
650 7 _a9 Географія. Біографії. Історія
_2UDC
999 _c425805
_d425805